000
00378nam a22001577a 4500
003
MPLRDC
005
20220104124144.0
008
210129b ||||| |||| 00| 0 eng d
082
_a
496.5 LS
100
_a
查尔斯. B.罗斯著; 张扬全译
245
_a
最新推销术
_c
260
_a
_b
现代工商出版社
_c
300
_b
平
650
_a
942
_c
BK
_o
496.5 LS
999
_c
17074
_d
17064